000
00189 a2200097 4500
020
_a
9788490323052
041
_a
spa
100
_a
Stephen King
245
_a
La historia de Lisey
942
_c
K
999
_c
26328
_d
26328